| 000 | 00390pab a2200157 454500 | ||
|---|---|---|---|
| 008 | 180718b2009 xxu||||| |||| 00| 0 eng d | ||
| 100 | _aTabb, William K. | ||
| 245 | _aGlobalization today: at the borders of class and state theory | ||
| 260 | _c2009 | ||
| 300 | _ap.34-53. | ||
| 362 | _aJan | ||
| 650 | _aGlobalization | ||
| 773 | _aScience and Society | ||
| 908 | _aN | ||
| 909 | _a82941 | ||
| 999 |
_c82941 _d82941 |
||